Pozycja Topical Term
Liczba rekordów, w których użyto hasła: 1
001 - Numer kontrolny
- control field: 38054
003 - Identyfikator numeru kontrolnego
- control field: NUKAT
005 - Data i czas ostatniej modyfikacji
- control field: 20260313131549.0
008 - Dane kontrolne kodowane (40 znaków)
- fixed length control field: 980908i||a|znnbabn |a ana |c
010 ## - Numer kontrolny Biblioteki Kongresu
- numer kontrolny LC: s 98056793
040 ## - Instytucja sporządzająca rekord
- inst. przygot. dane do rek. khw: KR U/ACh
- język haseł przedmiotowych/tezaurus: kaba
- inst. wprow. rek. khw: WA U/EP
083 #4 - DEWEY DECIMAL CLASSIFICATION NUMBER
- pojed. symbol lub pocz. z zakr. symboli: 020
- określenie wyjaśniające: Nauki o informacji. Bibliologia
083 #4 - DEWEY DECIMAL CLASSIFICATION NUMBER
- pojed. symbol lub pocz. z zakr. symboli: 370
- określenie wyjaśniające: Edukacja
150 ## - Hasło - nazwa pospolita
- nazwa posp. lub nazwa geogr. na pocz.: Mass media w edukacji.
450 ## - Trop zob. - nazwa pospolita
- nazwa posp. lub nazwa geogr. na pocz.: Médias en éducation [f]
450 ## - Trop zob. - nazwa pospolita
- nazwa posp. lub nazwa geogr. na pocz.: Mass media in education [c]
450 ## - Trop zob. - nazwa pospolita
- nazwa posp. lub nazwa geogr. na pocz.: Edukacja i mass media.
450 ## - Trop zob. - nazwa pospolita
- nazwa posp. lub nazwa geogr. na pocz.: Mass media i edukacja.
550 ## - Trop zob. też - nazwa pospolita
- podpole kontrolne: g
- nazwa posp. lub nazwa geogr. na pocz.: Edukacja.
550 ## - Trop zob. też - nazwa pospolita
- podpole kontrolne: h
- nazwa posp. lub nazwa geogr. na pocz.: Dzienniki w edukacji.
550 ## - Trop zob. też - nazwa pospolita
- podpole kontrolne: h
- nazwa posp. lub nazwa geogr. na pocz.: Radio w edukacji.
550 ## - Trop zob. też - nazwa pospolita
- podpole kontrolne: h
- nazwa posp. lub nazwa geogr. na pocz.: Telewizja w edukacji.
550 ## - Trop zob. też - nazwa pospolita
- nazwa posp. lub nazwa geogr. na pocz.: Edukacja wizualna.
550 ## - Trop zob. też - nazwa pospolita
- podpole kontrolne: g
- nazwa posp. lub nazwa geogr. na pocz.: Kompetencja medialna.
550 ## - Trop zob. też - nazwa pospolita
- nazwa posp. lub nazwa geogr. na pocz.: Media społecznościowe w edukacji.
670 ## - Źródło informacji
- źródło informacji: RAMEAU